Sex And The City Miranda Trivia Quiz Stats

 Plays Quiz not verified by Sporcle

Support Sporcle.
Go Orange.
Score 0/21 Timer 12:00
0 Plays Today
Hint Answer % Correct
Picked up Miranda after laser eye surgerySteve
91.6%
Does Miranda have a threesome with the couple whose ad she answersNo
90.6%
Name of Miranda's cleaning ladyMagda
87.5%
One of the two that tool the longest to accept that Miranda was a motherSamantha
84.5%
T/F - Steve got a scrotum implantFalse
84.5%
What did it say on the cookie Robert gave MirandaI love you
82.9%
Who picked Miranda up off the bathroom floorAidan
81.4%
The team Robert worked forThe Knicks
70.6%
What the saleswoman helped Miranda buy when she was shopping for her mother's funeralA bra
69.1%
Miranda's favorite sports teamThe Yankees
68.7%
Number of weeks Steve slept on Miranda's couch after they broke up3
62%
Hint Answer % Correct
Name of Miranda's catFatty
59.8%
What Robert spotted on Miranda's face when he moved into her buildingChicken pox
56.9%
City where Miranda's mother's funeral took placePhiladelphia
53.9%
The two that surprised Miranda by showing up at her mother's funeralAidan and Steve
47.4%
What did Miranda choke on in Season 2Chinese Food
45.2%
What happened to Miranda when she met Debbie and Steve at the parkShe Fell
38.5%
Miranda's favorite gossip magazineTattle Tale
33.2%
Miranda brought this as a gift to Laney's baby showerPastel condoms
32.2%
How Miranda ruined Carrie's shoesHer water broke on them
24.6%
Name of Miranda's neighbor who also had a babyKendall
17.4%

You're not logged in!

Compare scores with friends on all Sporcle quizzes.
OR
Log In

From the Vault

Which Sport?

by alinrotundu

Here's a hint: it's not curling.
Remove Ads.
Support Sporcle.
Get the best of Sporcle when you Go Orange. This ad-free experience offers more features, more stats, and more fun while also helping to support Sporcle. Thank you for becoming a member.

Show Comments

Extras

Created Mar 8, 2011ReportNominate
Tags:City Quiz, miranda, Sex

Top Quizzes Today


Score Distribution

Your Account Isn't Verified!

In order to create a playlist on Sporcle, you need to verify the email address you used during registration. Go to your Sporcle Settings to finish the process.

Report this User

Report this user for behavior that violates our Community Guidelines.

Details: